| 000 | 004850000a22001810004500 | ||
|---|---|---|---|
| 003 | LK-CoMWRAF | ||
| 005 | 20240624120954.0 | ||
| 008 | 230817t ||||| |||| 00| 0 eng d | ||
| 040 |
_aLK-CoMWRAF _dLK-CoMWRAF _eLK-CoMWRAF |
||
| 041 | _aeng | ||
| 082 |
_a362.883 _bSEX |
||
| 245 |
_aSexual harassment at work: _ba primer |
||
| 260 |
_aQuezon City: _bCSPPA, _cn.d. |
||
| 650 | _aSEXUAL HARASSMENT | ||
| 650 | _aViolence against women | ||
| 700 |
_aRoberto, Elaine _eills. |
||
| 942 | _cBK | ||
| 999 |
_c3011 _d3011 |
||